000 01210cam a22001814a 4500
005 20250605164349.0
008 250528s ||||||||||||||||||||||||d
035 _a24086
040 _aGR-AtMCL
_bgre
_dGR-AtMCL
_eAACR2
245 1 _aΕγκαινιάστηκε η Θερμοκοιτίδα Νεοφυών Επιχειρήσεων Αθήνας
260 _bΕμπορικό Και Βιομηχανικό Επιμελητήριο Αθηνών,
_c2014
300 _a64
520 _aΕκδήλωση: Η Ασφάλεια Πιστώσεων και τα Πλεονεκτήματα για τις Ασφαλιστικές Επιχειρήσεις, Έκθεση Γλυπτών της Ελένης Πρωτογέρου στο Ε.Β.Ε.Α., Ευρωπαϊκή Ιθαγένεια - Δικαιώματα και Υποχρεώσεις των Ευρωπαίων Πολιτών, Ένα Πραγματικά Δύσκολο Καλοκαίρι, Υποβλήθησα στην Ε.Ε. τα Προγράμματα του Νέου ΕΣΠΑ Συνολικού Προϋπολογισμού 25 δις Ευρώ.
700 1 _aΜίχαλος Κωνσταντίνος
_94319
942 _cCR
999 _c8985
_d8985